Largest Countries A-Z Quiz Stats

 Plays Quiz Updated Dec 1, 2017

Score 0/24 Timer 05:00
5 Plays Today
Letter Country % Correct
RRussia
95.7%
CCanada
94.2%
UUnited States
93.2%
BBrazil
91.6%
AAustralia
89%
IIndia
86.9%
FFrance
82.4%
GGermany
77.1%
YYemen
75.8%
QQatar
75.1%
JJapan
72.5%
MMexico
71.5%
Letter Country % Correct
OOman
69.9%
ZZambia
69.1%
VVenezuela
68.2%
KKazakhstan
63.3%
EEthiopia
61.3%
NNiger
59%
PPeru
57.3%
HHonduras
51.2%
SSaudi Arabia
50.3%
LLibya
50%
DDemocratic Republic of the Congo
48.2%
TTanzania
37.5%

You're not logged in!

Compare scores with friends on all Sporcle quizzes.
OR
Log In

Sporcle TV

Today on Sporcle TV


Watch our educational content, quiz creation guides, and fun videos on Sporcle TV.

Show Comments

Extras

Top Quizzes Today


Score Distribution

Your Account Isn't Verified!

In order to create a playlist on Sporcle, you need to verify the email address you used during registration. Go to your Sporcle Settings to finish the process.

Report this User

Report this user for behavior that violates our Community Guidelines.

Details: